000 00527nam a2200181Ia 4500
003 GCL
008 140319s9999 xx 000 0 ara d
040 _aGCL /
_cGCL
082 0 4 _a541.3
_bع ك
100 1 _aعصام عبدالهادى
245 1 0 _aالكيمياء الفيزياوية /
_cعصام عبدالهادى
700 1 _aعبدالحميد رجب
260 _a[S.N] :
_bدار التقنى ،
_c1989
300 _a438 ص
490 _a
650 0 4 _aالكيمياء الفيزيائية
942 _2ddc
_cBK
999 _c52702
_d52702